00527nam a2200157 a 450000100060000000300090000600800410001504000280005608200160008410000570010024501040015726000350026130000110029665000400030765000220034715929CO-ViMGA141112s2004 ck r 000 u spa d aCO-ViMGAbspacCO-ViMGA04a635.9 C656g1 aColombia, Ministerio de trabajo y seguridad social, 10aGuía para la elaboración de un plan de salud ocupacional en las empresas del sector Floricultor aBogotá, cMintrabajo, c2002 a100.p.14aMEDIDAS DE SEGURIDAD - FLORICULTURA14aSALUD OCUPACIONAL